000 00240nmm a2200097Ia 4500
008 220120s9999||||xx |||||||||||||||||und||
082 _a658.403 8 POS
100 _aPost, Gerald, V
245 0 _aManagement information systems
260 _c2004
999 _c139062
_d139062